[Event "Krakow KKSz-ch"]
[Site "Krakow"]
[Date "2009.08.16"]
[Round "7"]
[White "Troper, Kazimierz"]
[Black "Majchrowicz, Jan"]
[Result "0-1"]
[WhiteElo "1600"]
[BlackElo "1600"]
[PlyCount "84"]
[EventDate "2009.08.12"]
[EventType "swiss"]
[EventRounds "9"]
[EventCountry "POL"]
[SourceTitle "CBM 132 Extra"]
[Source "ChessBase"]
[SourceDate "2009.11.03"]
[SourceVersion "1"]
[SourceVersionDate "2009.11.03"]
[SourceQuality "1"]

1. e4 e5 2. Bc4 Bc5 3. d3 h6 4. a3 a6 5. Nf3 d6 6. h3 Nf6 7. Nc3 c6 8. Ne2 Qb6 9. 0-0 Qd8 10. d4 exd4 11. Nexd4 0-0 12. Re1 Kh7 13. Bd3 g6 14. Be3 Kg7 15. Qd2 Rh8 16. Qc3 Ba7 17. Re2 c5 18. Nb3 Nc6 19. Rd1 b5 20. e5 Nd5 21. Qd2 dxe5 22. Nxc5 Qe7 23. Ne4 Nxe3 24. fxe3 Rd8 25. Qe1 f5 26. Ng3 e4 27. Bxe4 fxe4 28. Nd2 Bb7 29. Ngxe4 Ne5 30. Ng3 Rf8 31. Kh1 Qe6 32. e4 Rf7 33. b3 Raf8 34. Kh2 Bf2 35. Nf5+ gxf5 36. Qxf2 f4 37. Qd4 Rd7 38. Qc5 f3 39. Rf2 Qg6 40. Rdf1 Qg5 41. Nxf3 Nxf3+ 42. Kh1 Qxc5 0-1